| 000 | 00625nam a2200193Ia 4500 | ||
|---|---|---|---|
| 001 | 4556 | ||
| 003 | GE_BSU | ||
| 008 | 181216s||||||||xx |||||||||||||| ||und|| | ||
| 040 | _cGE_BSU | ||
| 080 | _a519.6 | ||
| 100 | _aБекишев Г.А. Кратко М.И. | ||
| 245 | _aЭлементарное введение в геометрическое программирование. | ||
| 260 | _aМосква | ||
| 260 | _bНаука | ||
| 260 | _c1980 | ||
| 300 | _a142стр.20см. | ||
| 653 | _aЭлементарное введение в геометрическое программирование. | ||
| 942 | _cBK | ||
| 999 |
_c38504 _d38504 |
||